000 00438nam a2200181Ia 4500
005 20240821092413.0
008 131103s9999 xx 000 0 und d
040 _aLoreto College
041 _aEnglish
082 _a891.43
_bKUM
100 _aKumar, Bachandeb
245 _aBrihat nibandha vaskar
_cBachandeb Kumar
260 _a[s.l.]
_bVarati vaban
_c2004
300 _a220p.
650 _aHindi
850 _aLCBED
942 _cBK
999 _c35389
_d85868